000
00273nam a2200109Ia 4500
008
200302s9999 xx 000 0 und d
100
_a
Edward D. Mills
245
_a
Planning Architect Technical Eference Data
260
_b
Newns-Butterworths
260
_c
1972
300
_a
150 P.,
999
_c
36
_d
36